书目信息 |
| 题名: |
考古学一百五十年
|
|
| 作者: | 丹尼尔 , Daniel 著 ;黄其煦 译 | |
| 分册: | ||
| 出版信息: | 北京 文物出版社 1987 |
|
| 页数: | 439页 | |
| 开本: | 20cm | |
| 丛书名: | 外国考古学译丛 | |
| 单 册: | ||
| 中图分类: | K86 | |
| 科图分类: | ||
| 主题词: | 文物--考古--世界 | |
| 电子资源: | ||
| ISBN: | ||
| 000 | 00922nam2 2200313 45 | |
| 001 | 0187008410 | |
| 005 | 20040302085553.1 | |
| 010 | @dCNY2.90 | |
| 091 | @a11068.1510 | |
| 100 | @a19900903d1987 emky0chiy0121 ea | |
| 101 | 1 | @achi@ceng |
| 102 | @aCN@b110000 | |
| 105 | @ay z 000yy | |
| 106 | @ar | |
| 200 | 10 | @a考古学一百五十年@Akao gu xue yi bai wu shi nian@f(英)丹尼尔(Daniel,G.)著@g黄其煦译 |
| 210 | @a北京@c文物出版社@d1987 | |
| 215 | @a439页@d20cm | |
| 225 | 2 | @a外国考古学译丛 |
| 300 | @a书名原文: Hundred and fifty years of archaeology. | |
| 410 | 0 | @120010@a外国考古学译丛 |
| 510 | 1 | @aHundred and fifty years of archaeology@zeng |
| 606 | 0 | @a文物@x考古@x世界 |
| 690 | @aK86 | |
| 701 | 1 | @a丹尼尔@Adan ni er@bG.@4著 |
| 701 | A1 | @aDaniel@bG.@4著 |
| 702 | 0 | @a黄其煦@Ahuang qi xu@4译 |
| 801 | 0 | @aCN@b深圳图书馆@c20040302 |
| 801 | 2 | @aCN@bNLC@c20040302 |
| 905 | @f2@b207166-167@dK86@e1 | |
| 考古学一百五十年/(英)丹尼尔(Daniel,G.)著/黄其煦译.-北京:文物出版社,1987 |
| 439页;20cm.-(外国考古学译丛) |
| 书名原文: Hundred and fifty years of archaeology. |
| ISBN :CNY2.90 |
| ● |
| 相关链接 |
|
|
|
|
正题名:考古学一百五十年
索取号:K86/1
 
预约/预借
| 序号 | 登录号 | 条形码 | 馆藏地/架位号 | 状态 | 备注 |
| 1 | 0207166 | 001888069 | 密集书库/ [索取号:K86/1] | 在馆 | |
| 2 | 0207167 | 001888023 | 密集书库/ [索取号:K86/1] | 在馆 | |
| 3 | 0207168 | 001547981 | 第二样本阅览室/ [索取号:K86/1] | 在馆 |